=LDR 00000nam 2200000 4500 =001 INLIS000000000000606 =005 20231214080849 =035 ##$$a 0010-061300000000606 =008 231214################g##########0#ind## =041 ##$$a Ind =082 ##$$a 155.9 =090 ##$$a 155.4, Mul m =100 ##$$a Ancok, Djamaludin =245 1#$$a Nuansa psikologi pembangunan /$c Djamaludin Ancok =260 ##$$a Yogyakarta :$b Pustaka Pelajar,$c 1995 =300 ##$$a xv, 251 hlm. : $b ilus. ; $c 20 x 14 cm. =650 #4$$a Psikologi sosial =850 ##$$a NBPNMAT =020 ##$$a 979-8581-60-1 =084 ##$$a 155.9 ANC n =990 ##$$a DW99002141 =990 ##$$a DW99002142 =990 ##$$a DW99005183 =990 ##$$a 111.178/Pro-97